000 00308nam a22000977a 4500
005 20250901165546.0
008 210907b |||||||| |||| 00| 0 eng d
050 _aHM585 .M37 2004
245 _aUnderstanding society
_b A collection of essays
_cMashayekhi, Mehrdad
942 _2lcc
_hHM585 .M37 2004
999 _c5852
_d5852